LEADER 01174nam a2200265 4500 001 000000351547 003 CaOOAMICUS 005 20220930121458.0 008 220913s2022 it 000 u ita r 020 $a978-88-922274-4-6 040 $aSeMil$bita 100 1 $aPenna, Romano,$c.$0(OLS)http://semarc/name/769 245 10$aBattesimo e identità cristiana :$buna doppia immersione /$cRomano Penna. 264 1$aCinisello Balsamo :$bSan Paolo,$c2022. 300 $a271 p. ;$c21 cm 490 1 $aParola di Dio. 2. serie ;$v123 500 $aIl titolo della collana si ricava dal sito dell'editore 650 4$aBattesimo.$0(OLS)http://semarc/subject/7352 830 0$aParola di Dio. 2. serie ;$v123.$0(OLS)http://semarc/title/5940 850 $aSeMil 852 $aSeMil$W1$xVenegono$y1$m2D II 395$j234481$B242743$CSeMilBibl$Z2$F242743 $81 996 $6020$a978-88-922274-4-6$9(OLS)http://semarc/number/296680 996 $6245$aBattesimo e identità cristiana :$buna doppia immersione$9(OLS)http://semarc/title/441342 996 $6264$aCinisello Balsamo :$bSan Paolo$9(OLS)http://semarc/publisher/30129 LEADER 00666nam a2200169 i 4500 001 000000216418 003 CaOOAMICUS 005 20121018000000.0 008 121018s1669 xx u000 u fre u 013 $a195308 040 $aSeMil$bita 245 10$a[2]. 300 $a[2], P. 613-970, 172, 83, [12] p. 773 0 $aNicole, Pierre <1625-1695>$tPerpetuité de la foy de l'Eglise catholique touchant l'eucharistie, deffendue contre le livre du sieur Claude, ..$dA Paris : Chez Charles Savreux, 1669.$g2$w()27489 850 $aSeMil 852 $aSeMil$W1$xVenegono$y1$m2D IV 34 FA$j166837$B166837$CSeMilBibl$Z2$F177666 $8I 996 $6245$a[2]$9(OLS)http://semarc/title/54267 LEADER 01053nam a2200253 i 4500 001 000000103306 003 CaOOAMICUS 005 20240814114942.0 008 150824s1983 be u000 u lat u 013 $a75476 020 $a2-503-41022-7 040 $aSeMil$bita 245 10$a2: Textus alii ; Commentarius ; Indices. 300 $aP. 426-949 ;$c26 cm. 490 0 $aCorpus Christianorum. Series Apocryphorum ;$v2 650 4$aBibbia - Apocrifi NT - Atti di Giovanni.$0(OLS)http://semarc/subject/1038 773 0 $tActa Iohannis.$dTurnhout : Brepols, 1983.$kCorpus Christianorum. Series Apocryphorum$g2$w()6664 830 0$aCorpus Christianorum. Series Apocryphorum ;$v2.$0(OLS)http://semarc/title/126 850 $aSeMil 852 $aSeMil$W1$xVenegono$y1$mSL2.E III 2$j59767$B59767$CSeMilBibl$Z2$F44256 $8I 961 $aSottoscrizione: Brepols 996 $6020$a2-503-41022-7$9(OLS)http://semarc/number/83086 996 $6245$a2: Textus alii ; Commentarius ; Indices$9(OLS)http://semarc/title/150099 LEADER 00808naa a2200157 i 4500 001 000000297484 003 CaOOAMICUS 005 20180831172605.0 008 180831n xx u000 u und u 013 $a5009 040 $aSeMil$bita 100 1 $aSirboni, Silvano.$0(OLS)http://semarc/name/34653 245 13$aIl Battesimo dei bambini nel contesto dell'iniziazione :$bindicazioni pastorali ; La prima partecipazione all'Eucaristia : la celebrazione. 650 4$aBattesimo - Pastorale.$0(OLS)http://semarc/subject/7919 773 0 $tPer una "rinnovata" pastorale dei sacramenti.$kNuova collana liturgica. 3. serie$z8880530445$w()50782 996 $6245$aIl Battesimo dei bambini nel contesto dell'iniziazione :$bindicazioni pastorali ; La prima partecipazione all'Eucaristia : la celebrazione$9(OLS)http://semarc/title/373516